Záležitosť hlboko vnútorná Hovoríme s vydavateľkou Katarínou Knížovou-Bednárovou

Bibliographic Details
Main Author: Knížová-Bednárová, Katarína (Author)
Format: Article
Language:Slovak
ISSN:0231-9714
Subjects:

MARC

LEADER 00000nab a2200000 a 4500
001 vtls000586951
003 SK-MaSNL
005 20260304091834.0
008 250425c1996 xo 0 slo
015 |a SNBRB19rr/mm-uuuuu 
035 |a CL0587090 
035 |a urn:nbn:sk:snk-abbpy8 
035 |a (urnnbn)urn:nbn:sk:snk:ar-000ibg 
035 |a (uuid)9e472799-74a7-415e-b5fd-60dc31bb72c0 
040 |a SNKBUCL  |b slo  |c SNKBUCL  |e AACR2 
041 0 |a slo 
044 |a xo  |c SK 
080 |a 655.413(437.6):82  |2 1981 
080 |a 82:655.4(437.6)  |2 1981 
100 1 |a Knížová-Bednárová, Katarína  |4 aut  |9 1384738 
245 1 0 |a Záležitosť hlboko vnútorná  |b Hovoríme s vydavateľkou Katarínou Knížovou-Bednárovou  |c Katarína Knížová-Bednárová, Mila Haugová 
650 0 7 |a CAUSA editio, Bratislava  |2 snkbucl  |9 1189853 
655 7 |a články z novín a časopisov  |2 snkbucl  |9 267496 
773 0 |t Romboid  |g Roč. 31, č. 5 (1996), s. 37-39  |x 0231-9714 
850 |a Slovenská národná knižnica 
852 |a Slovenská národná knižnica 
957 7 |a 5100 
958 |a article15 
958 |a OND 
958 |a RK 
958 |a KL 
958 |a LX 
958 |a SK 
958 |a EUIPO 
992 |a RBX 
999 |c 2817036  |d 2818966